00971nam a2200265 i 4500001000300000100002400003245016800027260006000195300002800255504001400283650001500297655005000312700002200362710003000384020001500414040000800429041000700437080001900444920001800463942000700481008004100488999001700529856009800546952006100644bg1 aKACPRZAK, Magdalena10aMatematyka :bprzykłady i zadania : skrypt dla studentów kierunku zarządzanie i marketing /cMagdalena Kacprzak, Dariusz Kacprzak ; Politechnika Białostocka. aBiałystok :bDział Wydawnictw i Poligrafii PB,c2000. a149 s. :bil. ;c23 cm. aBibliogr. 9aMatematyka aĆwiczenia i zadania dla szkół wyższych1 aKACPRZAK, Dariusz 0aPolitechnika Białostocka a8388229184 cBPK0 apl a51(075.8)(076) a83-88229-18-4 cKS s pl f |000 0 pol  c40020d40020 uhttp://koha.tu.koszalin.pl/cgi-bin/koha/opac-detail.pl?biblionumber=40020yKatalog online BPK 00104070aBPKbBPKcwo59888p01619881s2015-11-09yKS